Statistics for Top 25 most populous cities in Asia

Click here to take the quiz!

General Stats

  • This quiz has been taken 30 times
  • The average score is 20 of 25

Answer Stats

CountryAnswerPopulation% Correct
ChinaBeijing11,716,620
100%
TurkeyIstanbul14,804,116
100%
IndonesiaJakarta8,540,121
100%
IndiaMumbai12,691,836
100%
South KoreaSeoul10,349,312
100%
ChinaShanghai22,315,474
100%
JapanTokyo8,336,599
100%
IraqBaghdad7,216,000
93%
IndiaDelhi10,927,986
93%
ChinaGuangzhou11,071,424
93%
Hong KongHong Kong7,012,738
93%
TaiwanTaipei7,871,900
93%
IranTehran7,153,309
93%
BagladeshDhaka10,356,500
89%
PakistanKarachi11,624,219
89%
PakistanLahore6,310,888
85%
ChinaWuhan9,785,388
81%
ChinaShenzhen10,358,381
70%
ChinaTianjin11,090,314
70%
ChinaXi'an6,501,190
70%
ChinaChengdu7,415,590
52%
ChinaChongqing7,457,600
52%
ChinaNanjing7,165,292
52%
ChinaDongguan8,000,000
19%
ChinaNanchong7,150,000
7%

Score Distribution

Percentile by Number Answered

Percent of People with Each Score

Your Score History

You have not taken this quiz